[Automobilový priemysel]

Z obsahu: Automobilky - v Európe musíme byť, bojujte o nás. Krajiny SVE sa pretekajú v ponuke štátnej pomoci zahraničným automobilkám. Kórejčanov presvedčili o výbere Slovenska nižšie dane a mzdy. V strednej Európe pribudnú ďalšie automobilky. Pribudne zastavaných zelených lúk. Súťaž o investície ni...

Ausführliche Beschreibung

Gespeichert in:
Bibliographische Detailangaben
1. Verfasser: Janoška, Juraj
Format: Buchkapitel
Sprache:Slowakisch
Schlagworte:
Tags: Tag hinzufügen
Keine Tags, Fügen Sie das erste Tag hinzu!

MARC

LEADER 00000naa$a2200000$$$4500
001 0005655
005 20231009074611.3
041 0 |a slo 
044 |a SK 
245 1 0 |a [Automobilový priemysel]  |c Juraj Janoška ... [ et al. ] 
520 |a Z obsahu: Automobilky - v Európe musíme byť, bojujte o nás. Krajiny SVE sa pretekajú v ponuke štátnej pomoci zahraničným automobilkám. Kórejčanov presvedčili o výbere Slovenska nižšie dane a mzdy. V strednej Európe pribudnú ďalšie automobilky. Pribudne zastavaných zelených lúk. Súťaž o investície nie je vždy čestná. Hyundai: O päť rokov sme päťkou. 
610 2 0 |a priemysel automobilový 
610 2 0 |a automobilizmus 
610 2 0 |a automobily 
610 2 0 |a investície zahraničné 
610 2 0 |a SVE 
610 2 0 |a pomoc štátna 
610 2 0 |a Hyundai 
100 1 |a Janoška, Juraj